000 01337nam0a2200349 4500
001 RU\NLR\BIBL_A\022280473
005 20260420012323.0
010 _a978-5-00228-183-1
_92000
021 _aRU
_bКН-П-24-032085
_9КН-П-24-3246
035 _a(NLR Aleph) 022280473
090 _a13660940
_c13660940
100 _a20240718d2024 u y0rusy50 ca
101 1 _arus
_cfre
102 _aRU
105 _ay|||z|||000yy
181 0 _ai4
_baxxe
182 0 _an
200 1 _aСознательное самовнушение как путь к господству над собой
_eметоды, техники, практика
_fЭмиль Куэ
_gперевод с французского и предисловие Мих. Кадиш
203 _aТекст
_bвизуальный
_cнепосредственный
205 _a5-е изд.
210 _aМосква
_cАмрита-Русь
_d2024
215 _a121, [2] с.
_d20
333 _aДля лиц старше 16 лет
606 1 _aСамовнушение
_91323803
_3RU\NLR\AUTH\66234577
686 1 _aЮ962
686 1 _aР357.192
700 1 _7ca
_8rus
_aКуэ
_bЭ.
_f1857-1926
_gЭмиль
_940100
_3RU\NLR\AUTH\7757168
942 _cBOOK
980 _aNBR
980 _aNB